| 000 | 02801cam a2200397 a 4500 | ||
|---|---|---|---|
| 999 |
_c79389 _d316666 |
||
| 001 | 1safari9780124171374 | ||
| 003 | CaSebORM | ||
| 005 | 20210304175138.0 | ||
| 006 | m o d | ||
| 007 | cr cn | ||
| 008 | 150115s2014 xx o eng | ||
| 020 | _z9780124171404 | ||
| 020 | _z9780124171374 | ||
| 020 | _z9780124171404 | ||
| 024 | 8 | _aC2013006820X | |
| 024 | 8 | _a9780124171374 | |
| 035 | _a(CaSebORM)9780124171374 | ||
| 040 |
_aMa-Un _cMa-Un |
||
| 041 | 0 | _aeng | |
| 082 |
_222 _a004.6 _bBGM |
||
| 100 | 1 |
_aBarlas, Gerassimos, _eauthor _988234 |
|
| 245 | 1 | 0 |
_aMulticore and GPU Programming _h[electronic resource] / _cBarlas, Gerassimos |
| 250 | _a1st edition | ||
| 264 | 1 |
_bMorgan Kaufmann, _c2014 |
|
| 300 | _a1 online resource (698 pages) | ||
| 506 | _aAvailable to OhioLINK libraries | ||
| 520 | _aMulticore and GPU Programming offers broad coverage of the key parallel computing skillsets: multicore CPU programming and manycore "massively parallel" computing. Using threads, OpenMP, MPI, and CUDA, it teaches the design and development of software capable of taking advantage of today's computing platforms incorporating CPU and GPU hardware and explains how to transition from sequential programming to a parallel computing paradigm. Presenting material refined over more than a decade of teaching parallel computing, author Gerassimos Barlas minimizes the challenge with multiple examples, extensive case studies, and full source code. Using this book, you can develop programs that run over distributed memory machines using MPI, create multi-threaded applications with either libraries or directives, write optimized applications that balance the workload between available computing resources, and profile and debug programs targeting multicore machines. Comprehensive coverage of all major multicore programming tools, including threads, OpenMP, MPI, and CUDA Demonstrates parallel programming design patterns and examples of how different tools and paradigms can be integrated for superior performance Particular focus on the emerging area of divisible load theory and its impact on load balancing and distributed systems Download source code, examples, and instructor support materials on the book's companion website | ||
| 533 |
_aElectronic reproduction. _bBoston, MA : _cSafari, _nAvailable via World Wide Web. _d2015 |
||
| 538 | _aMode of access: World Wide Web | ||
| 550 | _aMade available through: Safari, an O'Reilly Media Company | ||
| 655 | 7 |
_aElectronic books. _2local _988235 |
|
| 710 | 2 |
_aOhio Library and Information Network _988236 |
|
| 710 | 2 |
_aSafari, an O'Reilly Media Company _988237 |
|
| 856 | 4 | 0 |
_3Safari Books Online _zConnect to resource _uhttps://learning.oreilly.com/library/view/-/9780124171374/?ar |
| 942 |
_2ddc _cBOOK |
||